| 000 | 00394nam a22001697a 4500 | ||
|---|---|---|---|
| 003 | SGT | ||
| 020 | _a9781009009621 | ||
| 082 |
_a617.4 _bC22F |
||
| 100 | _aFALTER, FLORIAN | ||
| 245 | _aCARDIOPULMONARY BYPASS | ||
| 250 | _a3RD | ||
| 260 |
_aU.K. _bCAMBRIDGE UNIVERSITY PUB _c2022 |
||
| 300 | _a212 | ||
| 650 | _aPULMONARY MEDICINE | ||
| 653 | _aCARDIOPULMONARY BYPASS | ||
| 942 |
_2ddc _cBK |
||
| 999 |
_c23924 _d23924 |
||